Detalles MARC
| 000 -LIDER |
| fixed length control field |
01022nam a2200325 a 4500 |
| 001 - NÚMERO DE CONTROL |
| Identificador de número de control |
|
| 003 - IDENTIFICACDOR DE NÚMERO DE CONTROL |
| control field |
DO-SdBNP |
| 005 - DATE AND TIME OF LATEST TRANSACTION |
| control field |
20220330121441.0 |
| 007 - CAMPOS FIJOS DE DESCRIPCIÓN FÍSICA |
| fixed length control field |
|
| 008 - ELEMENTOS DE LONGITUD FIJA |
| fixed length control field |
130306s2005 mx a 000 f spa d |
| 020 ## - ISBN |
| International Standard Book Number |
978970688555 |
| 040 ## - FUENTE DE CATALOGACIÓN |
| Agencia que crea de manera original el registro |
BPMSU |
| Idioma de catalogación |
spa |
| Agencia que realiza la transcripción |
BPMSU |
| 082 ## - NÚMERO DE CLASIFICACIÓN DECIMAL DE DEWEY |
| Classification number |
Co863.6 |
| Item number |
|
| Edition number |
22 |
| 100 1# - ASIENTO PRINCIPAL -- NOMBRE PERSONAL |
| Nombre personal |
Méndez, Gerardo. |
| 245 10 - MENCIÓN DE TITULO |
| Título |
Juan Juanetes / |
| Mención de responsabilidad |
Gerardo Méndez ; ilustraciones de Éricka Martínez. |
| 260 ## - PUBLICACIÓN, DISTRIBUCIÓN, ETC. (PIE DE IMPRENTA) |
| Lugar de publicación, distribución, etc |
México : |
| Nombre del editor, distribuidor, etc. |
Ediciones SM, |
| Fecha de publicación, distribución, etc |
2008 |
| 300 ## - DESCRIPCIÓN FÍSICA |
| Extensión |
[64] p. ; |
| Otros detalles físicos |
il. ; |
| Dimensiones |
21 cm. |
| 490 0# - MENCIÓN DE SERIES |
| Mención de serie |
Biblioteca Susaeta |
| 650 #4 - ENCABEZAMIENTO DE MATERIA--TEMÁTICO |
| Término temático o nombre geográfico como elemento de entrada |
Cuentos infantiles colombianos. |
| 650 #4 - ENCABEZAMIENTO DE MATERIA--TEMÁTICO |
| Término temático o nombre geográfico como elemento de entrada |
Mentiras |
| Subdivisión de forma |
Cuentos infantiles. |
| 650 #4 - ENCABEZAMIENTO DE MATERIA--TEMÁTICO |
| Término temático o nombre geográfico como elemento de entrada |
Literatura infantil colombiana |
| 700 1# - ASIENTO SECUNDARIO -- NOMBRE PERSONAL |
| Nombre personal |
Martínez, Ericka, |
| Mención de responsabilidad |
ilustraciones |
| 910 ## - VALIDACIÓN |
| Validación |
VMateo V. |
| 942 ## - ADDED ENTRY ELEMENTS (KOHA) |
| Source of classification or shelving scheme |
Dewey Decimal Classification |
| Koha item type |
Libros |
| 945 ## - INFORMACIÓN DE PROCESAMIENTO LOCAL |
| Información de procesamiento local |
Ivnentariado extranjero / 2017 VM |
| 956 ## - LOCAL ELECTRONIC LOCATION AND ACCESS (OCLC) |
| Nombre de host |
DGARCIA |
| Número de acceso |
10 |
| Información de compresión |
20130306 |
| Inicio de sesión |
BND01 |
| Procesador de solicitud |
1247 |
| 956 ## - LOCAL ELECTRONIC LOCATION AND ACCESS (OCLC) |
| Nombre de host |
KLANTIGUA |
| Número de acceso |
10 |
| Información de compresión |
20130306 |
| Inicio de sesión |
BND01 |
| Procesador de solicitud |
1352 |
| 956 ## - LOCAL ELECTRONIC LOCATION AND ACCESS (OCLC) |
| Nombre de host |
MFILETO |
| Número de acceso |
40 |
| Información de compresión |
20131023 |
| Inicio de sesión |
BND01 |
| Procesador de solicitud |
1349 |
| 956 ## - LOCAL ELECTRONIC LOCATION AND ACCESS (OCLC) |
| Nombre de host |
VMATEO |
| Número de acceso |
10 |
| Información de compresión |
20150907 |
| Inicio de sesión |
BPMSU |
| Procesador de solicitud |
00151 |